000 00813pam a2200229 a 4500
020 _a0582063302
020 _a047021709X (U.S.)
040 _cDLC
082 0 0 _a628 LST 1991 C146 Or.
100 1 _aLloyd, Barry.
245 1 0 _aSurveillance of drinking water quality in rural areas /
260 _aBurnt Mill, Harlow, Essex, England :
_bLongman Scientific & Technical ;
_aNew York :
_bJ. Wiley,
_c1991.
300 _axvi, 171 p. :
_bill., maps ;
_c24 cm.
500 _a"Published on behalf of the World Health Organization and the United Nations Environment Programme."
650 0 _aWater-supply, Rural.
650 0 _aWater quality
650 0 _aDrinking water.
700 1 _aHelmer, Richard,
710 2 _aWorld Health Organization.
710 2 _aUnited Nations Environment Programme.
942 _cAEDBB
999 _c18466
_d18466